Loading...
Bharatheeya Navodhanathinte Rooparekha
| Main Author: | |
|---|---|
| Format: | Printed Book |
| Language: | Malayalam |
| Published: |
Kozhikode
N.B.S.
1972
|
| LEADER | 00452nam a2200133Ia 4500 | ||
|---|---|---|---|
| 008 | 111205s9999 xx 000 0 mal d | ||
| 082 | |a 123 | ||
| 100 | |a Sankaran Thayattu | ||
| 245 | |a Bharatheeya Navodhanathinte Rooparekha |c Sankaran Thayattu | ||
| 260 | |b N.B.S. |a Kozhikode |c 1972 | ||
| 300 | |a 227 | ||
| 942 | |c BK | ||
| 999 | |c 213621 |d 213621 | ||
| 952 | |0 0 |1 0 |4 0 |6 S_10R4 |7 0 |9 236232 |a MAL |b MAL |c SEC |d 2007-12-27 |g 0.00 |l 0 |o S10R4 |p MAL9924 |r 2015-04-13 |v 0.00 |w 2015-04-13 |y BK |k 1.00 | ||